Science Quiz

Random Science or Animal Quiz

Click-A-Bear Blitz Quiz Stats

Quiz Updated Jan 21, 2015

Also try: Feline or Lyin'
Challenge
Share
Tweet
Embed
Score 0/8 Timer 02:00
1 Play Today
% Correct
Brown
92.9%
American Black
89.6%
Polar
88.5%
Giant Panda
74.6%
Asiatic Black
67.3%
Spectacled
47.7%
Sun
46.5%
Sloth
31.8%

You're not logged in!

Compare scores with friends on all Sporcle quizzes.
Sign Up with Email
OR
Log In

You Might Also Like...

Show Comments

Extras

Top Quizzes Today


Score Distribution

Your Account Isn't Verified!

In order to create a playlist on Sporcle, you need to verify the email address you used during registration. Go to your Sporcle Settings to finish the process.